States and Territories Established in 1952 on a Map - Statistics

General Stats
  • This quiz has been taken 27 times
  • The average score is 7 of 30
Answers on the Map
Answers color-coded by a green-red scale on the quiz's map according to % correct below.
 
Answer Stats
Answer % Correct
Baden-Württemberg
89%
Baja California
89%
Jammu and Kashmir
83%
Baluchistan States Union
56%
Dresden
56%
Leipzig
50%
Karl-Marx-Stadt
39%
Rostock
39%
Potsdam
28%
Erfurt
22%
Frankfurt
22%
Schwerin
22%
Cottbus
17%
Federation of Ethiopia and Eritrea
17%
Gera
17%
Halle
17%
Magdeburg
17%
Neubrandenburg
17%
Suhl
11%
Magyar
6%
Boksitogorsky
0%
Chongwen
0%
Córdoba
0%
Hermanas Mirabal
0%
Sánchez Ramírez
0%
San Francisco de Daguas
0%
San Isidro de Maino
0%
Xuanwu
0%
Zamboanga del Norte
0%
Zamboanga del Sur
0%
No matching quizzes found
Score Distribution
Percent of People with Each Score
Percentile by Number Answered
Your Score History
You have not taken this quiz